[Event "Bad Woerishofen op"]
[Site "Bad Woerishofen"]
[Date "2001.??.??"]
[Round "9"]
[White "Antoniacci, Riccardo"]
[Black "Neumann, Peter"]
[Result "0-1"]
[WhiteElo "2052"]
[BlackElo "1769"]
[Annotator "ChessOrg"]
[PlyCount "68"]
[EventDate "1998.03.05"]
[Source "ChessBase"]
[SourceDate "1998.04.29"]

1. e4 {B10: Caro-Kann-Verteidigung} 1... c6 2. Nc3 d5 3. Nf3 d4 4. Ne2 4... c5
{letzter Buchzug} 5. c3 dxc3 6. bxc3 Nc6 7. d4 cxd4 8. cxd4 Bg4 9. Be3 (9. d5
Bxf3 10. gxf3 10... Ne5 $14) 9... Bxf3 10. gxf3 e6 11. Bg2 Bd6 12. Qa4 Nge7 13.
O-O (13. Rb1 13... Qd7 $11) 13... O-O 14. Kh1 (14. Rab1 14... Qd7 $11) 14...
Ng6 15. Ng3 (15. Rab1 15... Rb8 $11) 15... Bf4 (15... Qh4 $15 $142) 16. Nh5 $2
(16. Rfd1 $15 $142) 16... Bxh2 $1 $19 17. Kxh2 Qh4+ 18. Kg1 Qxh5 19. Rab1 (19.
Bh1 $19 $142) 19... Nh4 20. Qb5 (20. Rxb7 $4 20... Qg6 21. Bg5 Qxg5 22. Qxc6
Qxg2#) 20... Nxf3+ 21. Bxf3 Qxf3 22. Qxb7 (22. Qg5 Qxe4 23. f3 23... Qd3 $19)
22... Qxe4 23. Rbc1 Qg4+ 24. Kh2 Nxd4 25. Bxd4 Qxd4 26. Qe7 (26. Qf3 Rac8 27.
Qg3 Qf6 28. Rxc8 28... Rxc8 $19) 26... Rab8 27. Qg5 Rb2 28. Qg3 Rxa2 29. Rce1 (
29. Kg1 29... Rd8 $19) 29... g6 30. Re3 Rc8 31. Qf3 (31. Rd3 31... Qe4 $19)
31... Rc4 32. Rd1 (32. Qa8+ Kg7 33. Qg2 $19) 32... Qh4+ 33. Kg2 Rg4+ 34. Kf1
Rf4 (34... Rf4 35. Re2 Rxf3 36. Rxa2 36... Rh3 $19) (34... Qh2 35. Rd8+ Kg7 36.
Qxf7+ Kxf7 37. Rf3+ Rf4 38. Rxf4+ Qxf4 39. Rd7+ Kf6 40. Rf7+ Kxf7 41. Kg2 Rxf2+
42. Kh3 Rh2#) 0-1

[Event "Bad Woerishofen op"]
[Site "?"]
[Date "2001.??.??"]
[Round "1"]
[White "Babar, Michael"]
[Black "Wawrinsky, Ludwig"]
[Result "1-0"]
[WhiteElo "2175"]
[BlackElo "1755"]
[Annotator "ChessOrg"]
[PlyCount "53"]
[EventDate "2000.??.??"]

1. b3 {A01: Larsen-Eroeffnung} 1... Nf6 2. Bb2 g6 3. Bxf6 exf6 4. c4 Bg7 5. Nc3
5... b6 {letzter Buchzug} 6. Nf3 Bb7 7. e3 Nc6 8. d4 O-O 9. Be2 Re8 10. O-O f5
11. Rc1 d6 12. Qd2 a5 13. Rfd1 Nb8 14. c5 dxc5 15. dxc5 Na6 16. cxb6 cxb6 17.
Na4 Qf6 18. Qd6 Re6 19. Qd4 Qe7 (19... Nb4 20. Rc7 Be4 21. Qxf6 Rxf6 22. Ng5
$16) 20. Qd7 $16 20... Rb8 (20... Qxd7 21. Rxd7 Bc6 22. Nxb6 $16) 21. Bc4 Bxf3
22. Bxe6 (22. gxf3 $6 22... Qg5+ 23. Kh1 23... Re7 $14) 22... Qxd7 23. Rxd7 (
23. Bxd7 $143 23... Bxd1 24. Bb5 Bxb3 25. axb3 25... Nb4 $15) 23... fxe6 24.
gxf3 b5 25. Nc5 25... Rc8 $4 (25... Nxc5 26. Rxc5 26... h6 $18) 26. Rxg7+ $1
26... Kh8 (26... Kxg7 27. Nxe6+ Kf6 28. Rxc8 Kxe6 29. Rc6+ $18) 27. Ra7 (27.
Ra7 Rxc5 28. Rd1 $18) 1-0

[Event "Bad Woerishofen op"]
[Site "Bad Woerishofen"]
[Date "2001.??.??"]
[Round "3"]
[White "Babar, Michael"]
[Black "Sakkal, Cherin"]
[Result "1/2-1/2"]
[WhiteElo "2170"]
[BlackElo "1884"]
[Annotator "ChessOrg"]
[PlyCount "120"]
[EventDate "1998.03.05"]
[Source "ChessBase"]
[SourceDate "1998.04.29"]

1. b3 {A01: Larsen-Eroeffnung} 1... e5 2. Bb2 Nc6 3. c4 3... Bc5 {
letzter Buchzug} 4. e3 Qe7 5. Nc3 Nf6 6. a3 a5 7. d3 d6 (7... O-O 8. Nge2 $14)
8. Nd5 $14 8... Nxd5 9. cxd5 Nb8 10. Ne2 O-O 11. Nc3 (11. d4 11... Bb6 $14)
11... f5 12. Be2 Nd7 13. Qd2 Bb6 14. Na4 Ba7 15. d4 Nf6 (15... exd4 16. Bxd4
Bxd4 17. Qxd4 $11) 16. dxe5 $14 (16. Qxa5 $143 16... exd4 17. exd4 17... Re8
$15) 16... dxe5 17. Bc4 Kh8 18. Nc3 f4 19. O-O-O (19. O-O $5 $11 $142) 19...
fxe3 20. fxe3 Ng4 21. Rhe1 Rf2 22. d6 Qf8 (22... Qg5 23. Ne4 Rxd2 24. Nxg5
Rxd1+ 25. Kxd1 cxd6 26. Nf7+ Kg8 27. Nxe5+ Kf8 28. Nxg4 Bxg4+ 29. Kd2 $16) 23.
Qd3 cxd6 24. h3 Nf6 25. Qxd6 Bf5 26. e4 (26. Qxe5 $143 26... Re8 27. Qxa5 Bxe3+
28. Rxe3 28... Rxe3 $17) 26... Qxd6 27. Rxd6 Bg6 28. g4 (28. Nd1 b5 29. Nxf2 (
29. Bxe5 bxc4 30. Nxf2 30... Bxf2 $17) 29... Bxf2 30. Re2 bxc4 31. Rxf2 Nxe4
32. Ra6 $16) 28... Bd4 $17 29. Nd1 Bxb2+ 30. Nxb2 30... Nxe4 $4 (30... Bxe4 31.
Nd3 Bxd3 32. Bxd3 a4 33. bxa4 Rxa4 34. Rd8+ Ng8 35. Rxe5 35... Rxa3 $18) 31.
Rxg6 $1 $18 31... hxg6 32. Rxe4 Rh2 33. Nd3 a4 34. Nxe5 axb3 35. g5 (35. Bxb3
$6 35... Rxa3 36. Nf7+ 36... Kh7 $11) 35... Rxh3 36. Kb2 Kh7 37. Bf7 Rc8 (37...
Ra6 $5 $16) 38. Bxg6+ $18 38... Kg8 39. Rc4 (39. Re2 39... Rh4 $18) 39... Rf8 (
39... Rxc4 $5 40. Nxc4 40... Rg3 $16) 40. Rc3 $16 40... Rf2+ 41. Kxb3 Rxc3+ 42.
Kxc3 Rg2 43. Bf7+ Kf8 44. g6 Ke7 45. Kb4 Rb2+ 46. Kc5 Rb1 47. Nc4 Rb3 48. a4
Rb1 49. a5 Rb3 (49... Kd7 50. Nd6 $18) 50. Nd2 Rb2 51. Nb3 Kd7 52. Kb6 Kc8 53.
Bd5 Kb8 54. Be6 Rb1 55. Kc5 Kc7 56. Bd5 Rg1 57. Nd4 (57. Be4 $5 $18 $142) 57...
Rxg6 $16 58. Nb5+ Kb8 59. Nd6 Rg5 60. Nxb7 Rxd5+ 1/2-1/2

[Event "Bad Woerishofen op"]
[Site "Bad Woerishofen"]
[Date "2001.??.??"]
[Round "5"]
[White "Babar, Michael"]
[Black "Giddins, Stephen"]
[Result "1/2-1/2"]
[WhiteElo "2175"]
[BlackElo "2290"]
[Annotator "ChessOrg"]
[PlyCount "22"]
[EventDate "1998.03.05"]
[Source "ChessBase"]
[SourceDate "1998.04.29"]

1. f4 {A03: Bird-Eroeffnung} 1... Nf6 2. Nf3 g6 3. g3 Bg7 4. Bg2 O-O 5. O-O d5
6. d3 c5 7. Qe1 d4 8. c3 Nc6 9. Bd2 {letzter Buchzug} 9... Rb8 10. a4 a6 11.
Na3 b6 1/2-1/2

[Event "Bad Woerishofen op"]
[Site "Bad Woerishofen"]
[Date "2001.??.??"]
[Round "7"]
[White "Babar, Michael"]
[Black "Abhau, Jochen"]
[Result "1/2-1/2"]
[WhiteElo "2175"]
[BlackElo "2282"]
[Annotator "ChessOrg"]
[PlyCount "90"]
[EventDate "1998.03.05"]
[Source "ChessBase"]
[SourceDate "1998.04.29"]

1. f4 {A03: Bird-Eroeffnung} 1... d5 2. d3 Nf6 3. g3 g6 4. Bg2 Bg7 5. Nf3 O-O
6. O-O c5 7. Qe1 d4 8. c3 Nc6 9. a4 {letzter Buchzug} 9... Nd5 10. Bd2 e5 (
10... Qb6 $5 11. Ra3 Qxb2 12. Nxd4 cxd4 (12... Bxd4+ $143 13. cxd4 Ncb4 14. Qc1
Qxd4+ 15. e3 $14) 13. Bxd5 13... Rd8 $15) 11. fxe5 $11 11... Nxe5 12. Nxe5 Bxe5
13. Na3 Bg7 14. Nc4 (14. Nc2 14... Be6 $11) 14... Bg4 (14... Be6 15. Qf2 $15)
15. e4 dxe3 (15... Nb6 16. Na5 Qd7 17. Rf4 $15) 16. Nxe3 Be6 17. Qf2 b6 18. a5
Nxe3 19. Bxe3 Bd5 20. Bxd5 Qxd5 21. Rad1 Rad8 22. axb6 axb6 23. d4 Qb3 (23...
c4 24. Bf4 $11) 24. Rde1 cxd4 25. Bxd4 Bxd4 26. cxd4 Qd5 27. Rd1 Rd7 28. Qf6 (
28. Rfe1 28... f5 $11) 28... Rc8 (28... Re8 29. Rd2 $15 (29. Qxb6 Re2 30. Rf2
Rxf2 31. Kxf2 31... Rb7 $17)) 29. Rd2 (29. Qxb6 $2 29... Rc2 30. Rf2 Rxf2 31.
Kxf2 31... Rb7 $19) 29... b5 30. Qf3 Qg5 31. Qf2 Qd5 32. Qf3 Rc4 33. Qxd5 Rxd5
34. Rfd1 f5 35. Kf2 Kf7 36. Ke3 Kf6 37. Ra1 Rc6 38. Ra7 h6 39. Rb7 g5 40. Rb8
g4 41. Rf8+ Kg7 42. Re8 Kf7 43. Rb8 Rc1 44. Rb6 Kg7 45. Rd3 Rc4 1/2-1/2

[Event "Bad Woerishofen op"]
[Site "Bad Woerishofen"]
[Date "2001.??.??"]
[Round "8"]
[White "Babar, Michael"]
[Black "Kniest, Oliver"]
[Result "1/2-1/2"]
[WhiteElo "2175"]
[BlackElo "2306"]
[Annotator "ChessOrg"]
[PlyCount "37"]
[EventDate "1998.03.05"]
[Source "ChessBase"]
[SourceDate "1998.04.29"]

1. b3 {A01: Larsen-Eroeffnung} 1... c5 2. Bb2 b6 3. Nf3 Bb7 4. e3 e6 5. c4 Nf6
6. Nc3 Be7 7. d4 cxd4 8. exd4 O-O 9. Bd3 d5 10. O-O Nc6 11. cxd5 {
letzter Buchzug} 11... Nxd5 12. Nxd5 Qxd5 13. Bc4 Qh5 14. Ne5 Qxd1 15. Raxd1
Nb4 16. f4 Nd5 17. f5 exf5 18. Rxf5 Rad8 19. Rd3 1/2-1/2

[Event "Bad Woerishofen op"]
[Site "Bad Woerishofen"]
[Date "2001.??.??"]
[Round "2"]
[White "Ballon, Guenter Jan"]
[Black "Krklec, Daniel"]
[Result "1/2-1/2"]
[WhiteElo "2233"]
[BlackElo "1800"]
[Annotator "ChessOrg"]
[PlyCount "62"]
[EventDate "1998.03.05"]
[Source "ChessBase"]
[SourceDate "1998.04.29"]

1. d4 {D30: Damengambit (ohne Sc3)} 1... d5 2. c4 c6 3. Nf3 Nf6 4. Qc2 e6 5. e3
Be7 6. Nc3 O-O 7. b3 {letzter Buchzug} 7... Na6 8. a3 dxc4 9. bxc4 c5 10. Bd3
b6 11. Ne4 h6 12. O-O Bb7 13. Bb2 Rc8 14. Rac1 Rc7 15. Ne5 Qa8 16. f3 Nd7 17.
Nxd7 (17. d5 exd5 18. cxd5 c4 19. Nxc4 19... Bxd5 $11) 17... Rxd7 $15 18. Ng3
cxd4 19. exd4 Bf6 20. Rcd1 Rfd8 (20... Bxd4+ $2 21. Bxd4 Rfd8 22. Be3 $18) 21.
Ne2 Qb8 22. Be4 Nc5 23. dxc5 Rxd1 24. Rxd1 Rxd1+ 25. Qxd1 Bxb2 26. Bxb7 (26.
Qd6 $5 26... Qxd6 27. cxd6 $15) 26... Qxb7 $15 27. Qb3 Be5 28. cxb6 Qxb6+ 29.
Qxb6 axb6 30. Kf2 Bd6 (30... Bxh2 $143 31. g3 $16) 31. a4 Bc5+ (31... Bxh2 $2
32. g3 $18) 1/2-1/2

[Event "Bad Woerishofen op"]
[Site "Bad Woerishofen"]
[Date "2001.??.??"]
[Round "4"]
[White "Ballon, Guenter Jan"]
[Black "Werner, Clemens"]
[Result "1/2-1/2"]
[WhiteElo "2233"]
[BlackElo "2347"]
[Annotator "ChessOrg"]
[PlyCount "75"]
[EventDate "1998.03.05"]
[Source "ChessBase"]
[SourceDate "1998.04.29"]

1. d4 {B07: Pirc-Ufimzew-Verteidigung} 1... d6 2. e4 Nf6 3. f3 e5 4. dxe5 dxe5
5. Qxd8+ Kxd8 6. Bc4 Ke8 7. Be3 Nbd7 8. Nc3 c6 9. a4 a5 10. Nge2 Bc5 11. Nd1
Ke7 12. O-O {letzter Buchzug} 12... Rd8 13. Nc1 Bxe3+ 14. Nxe3 Nc5 15. Nb3 Nxb3
16. Bxb3 Be6 17. Bxe6 Kxe6 18. Rfd1 g6 (18... h5 19. Rxd8 Rxd8 20. Nc4 $14) 19.
Kf2 (19. Rxd8 Rxd8 20. Nc4 20... Ra8 $14) 19... Ne8 20. Ke2 Rxd1 21. Rxd1 Nd6
22. c3 f5 23. exf5+ gxf5 24. g3 h5 25. b3 Rb8 26. Nc4 Nxc4 27. bxc4 b6 28. Ke3
Rg8 (28... h4 29. Rb1 $15) 29. Rb1 $11 29... Rb8 30. Rd1 (30. f4 30... Kf6 $11)
30... b5 31. cxb5 cxb5 32. axb5 Rxb5 33. Rd8 (33. Ra1 Rc5 34. Kd3 Rd5+ 35. Ke3
35... Kd6 $11) 33... Rb2 (33... Rc5 34. Kd3 Rd5+ 35. Rxd5 35... Kxd5 $19) 34.
Ra8 Rxh2 35. Ra6+ Ke7 36. Rxa5 Ke6 37. Ra6+ Ke7 38. Ra7+ 1/2-1/2

[Event "Bad Woerishofen op"]
[Site "Bad Woerishofen"]
[Date "2001.??.??"]
[Round "6"]
[White "Ballon, Guenter Jan"]
[Black "Muehlbach, Peter"]
[Result "1/2-1/2"]
[WhiteElo "2233"]
[BlackElo "2131"]
[Annotator "ChessOrg"]
[PlyCount "67"]
[EventDate "1998.03.05"]
[Source "ChessBase"]
[SourceDate "1998.04.29"]

1. d4 {D36: Damengambit (Abtauschvariante)} 1... d5 2. c4 e6 3. Nc3 Nf6 4. cxd5
exd5 5. Bg5 Be7 6. Qc2 c6 7. e3 O-O 8. Bd3 Nbd7 9. h3 Re8 10. Nf3 Nf8 11. O-O
Nh5 12. Bxe7 Qxe7 13. a3 {letzter Buchzug} 13... a5 14. Rae1 Qf6 15. Ne5 Qh4
16. Bf5 (16. Na4 16... Nf6 $14) 16... g6 17. Bxc8 Raxc8 18. Kh2 Qd8 19. g4 Ng7
20. f4 f6 21. Nf3 Qd6 22. Kg2 Re7 (22... f5 23. gxf5 Nxf5 24. e4 dxe4 25. Nxe4
$15) 23. Qd2 (23. e4 $5 $11) 23... Nfe6 (23... Rce8 24. Qd3 $15) 24. Rf2 Ra8
25. Rc1 Nf8 26. Nd1 Nd7 27. a4 Nb8 28. Qc3 Nd7 (28... Re6 29. Qb3 Qe7 30. Nh4
$15) 29. b3 (29. Qd2 29... b6 $15) 29... Qc7 30. Ne1 Ne8 31. Nf3 Nd6 32. Nd2
Rae8 33. Qd3 Nb8 34. Rf3 1/2-1/2

[Event "Bad Woerishofen op"]
[Site "Bad Woerishofen"]
[Date "2001.??.??"]
[Round "8"]
[White "Ballon, Guenter Jan"]
[Black "Belic, Robert"]
[Result "1-0"]
[WhiteElo "2233"]
[BlackElo "1932"]
[Annotator "ChessOrg"]
[PlyCount "93"]
[EventDate "1998.03.05"]
[Source "ChessBase"]
[SourceDate "1998.04.29"]

1. d4 {E81: Koenigsindisch (Saemisch-Angriff)} 1... Nf6 2. c4 d6 3. Nc3 g6 4.
e4 Bg7 5. f3 O-O 6. Bg5 c6 7. Qd2 a6 8. b4 {letzter Buchzug} 8... Nbd7 9. Nh3
Re8 10. Rb1 Nf8 11. Nf2 Ne6 12. Be3 Nc7 13. Be2 Nd7 14. O-O e5 15. d5 c5 (15...
cxd5 16. cxd5 b6 17. Rfc1 $14) 16. Nd3 (16. bxc5 Nxc5 17. Bxc5 17... dxc5 $16)
16... b6 17. Rb2 f5 18. Rfb1 f4 19. Bf2 Bf6 20. bxc5 bxc5 21. Qe1 Kh8 22. Na4
Rg8 23. Nb6 (23. Bd1 $5 $16 $142) 23... Nxb6 $11 24. Rxb6 Ne8 (24... Nb5 $1 25.
Rc6 25... Na7 $11) 25. Bd1 $16 25... g5 26. h3 h5 27. Kf1 Ra7 28. Rb8 Rag7 (
28... Qd7 29. Bc2 $14) 29. Qc3 g4 (29... Rc7 $5 $16 $142) 30. fxg4 $18 30...
Qc7 31. Ne1 hxg4 32. hxg4 (32. Bxg4 Bxg4 33. hxg4 33... Rh7 $18) 32... Rh7 33.
Bf3 Bh4 34. Qb2 (34. Nd3 Bxf2 35. Nxf2 35... Nf6 $16) 34... Nf6 35. Qb6 Qe7 36.
Bxh4 Rxh4 37. Qc6 Rh1+ 38. Ke2 Qd8 39. R8b6 (39. g5 Nh7 40. R8b6 $18) 39...
Nxg4 $2 (39... Bxg4 $142 40. Kd3 40... Nd7 $16) 40. Qxd6 $18 40... Qh4 (40...
Qxd6 41. Rxd6 Ne3 42. Kd3 $18) 41. Nd3 Rxb1 42. Rxb1 Nf6 (42... Re8 43. Rb8 Qg5
44. Qxc5 $18) 43. Qxe5 (43. Nxe5 Ng4 44. Nxg4 Bxg4 45. Qe5+ Kh7 46. Rb7+ 46...
Kg6 $18) 43... Bg4 (43... Re8 44. Qa1 Kg8 45. Rb6 $18) 44. Nxf4 Kh7 45. Rb7+
Kh6 (45... Rg7 46. Rxg7+ 46... Kxg7 $18) 46. Rb6 Kg7 47. Qe7+ (47. Qe7+ Kh8 48.
Rxf6 $18) 1-0

[Event "Bad Woerishofen op"]
[Site "?"]
[Date "2001.??.??"]
[Round "1"]
[White "Baramidze, David"]
[Black "Boehm, Roland"]
[Result "1-0"]
[WhiteElo "2265"]
[BlackElo "1879"]
[Annotator "ChessOrg"]
[PlyCount "39"]
[EventDate "2000.??.??"]

1. e4 {C07: Franzoesische Verteidigung (Tarrasch-Variante)} 1... e6 2. d4 d5 3.
Nd2 c5 4. exd5 Qxd5 5. Ngf3 Nf6 6. Bc4 Qd6 7. O-O cxd4 8. Nb3 Nc6 9. Nbxd4 Nxd4
10. Nxd4 Be7 11. c3 O-O 12. Qf3 {letzter Buchzug} 12... Nd7 (12... Rd8 13. Re1
$11) 13. Bb3 Ne5 14. Qh5 g6 15. Qe2 Nc6 16. Rd1 Nxd4 (16... Qc7 17. Nb5 Qe5 18.
Qxe5 Nxe5 19. Bf4 $16) 17. Rxd4 $16 17... Qc6 18. Bh6 18... Re8 $4 (18... Rd8
$16 $142) 19. Ba4 $18 19... b5 20. Bxb5 (20. Bxb5 Ba6 21. Bxa6 $18 (21. Bxc6
$143 21... Bxe2 22. Re1 22... Ba6 $18)) 1-0

[Event "Bad Woerishofen op"]
[Site "Bad Woerishofen"]
[Date "2001.??.??"]
[Round "3"]
[White "Baramidze, David"]
[Black "Farago, Ivan"]
[Result "0-1"]
[WhiteElo "2265"]
[BlackElo "2453"]
[Annotator "ChessOrg"]
[PlyCount "58"]
[EventDate "1998.03.05"]
[Source "ChessBase"]
[SourceDate "1998.04.29"]

1. e4 {B42: Sizilianisch (Paulsen-Variante)} 1... c5 2. Nf3 e6 3. d4 cxd4 4.
Nxd4 a6 5. Bd3 Nf6 6. O-O Qc7 7. Qe2 d6 8. Be3 {letzter Buchzug} 8... g6 (8...
d5 9. Nd2 $11) 9. f4 Bg7 10. c4 O-O 11. Nc3 b6 12. f5 exf5 13. exf5 Bb7 14.
Rae1 Nbd7 15. g4 Rfe8 16. g5 Ne4 17. Bxe4 Bxe4 18. Nxe4 (18. f6 $5 18... Bf8
19. Rf2 $14) 18... Rxe4 $11 19. Qf3 Rae8 20. f6 Bf8 (20... Qxc4 $143 21. fxg7
Kxg7 22. b3 $16) 21. b3 d5 22. cxd5 Qe5 23. Ne6 Bc5 (23... Qxd5 $143 24. Nc7 (
24. Nxf8 $2 24... Ne5 (24... Nxf8 $6 25. Qg3 $11) (24... Kxf8 $6 25. Rd1 Qb5
26. Qh3 $14) 25. Qh1 Rg4+ 26. Kf2 Nd3+ 27. Ke2 27... Rge4 $19) 24... Qc6 25.
Bd4 $16 (25. Nxe8 $143 25... Ne5 26. Qh3 Rg4+ 27. Kf2 Qc2+ 28. Re2 Nd3+ 29. Kf3
Ne5+ 30. Kf2 Nd3+ 31. Kf3 Ne5+ 32. Kf2 $11) (25. Nxa6 $4 25... Ne5 26. Qg3
26... Rg4 $19)) 24. Nxc5 Nxc5 25. Bf2 (25. Qh3 $5 $15) 25... Qxg5+ $17 26. Kh1
Qxd5 27. b4 (27. Bxc5 $5 27... bxc5 28. Rg1 $17) 27... Nd3 $19 28. Rxe4 Rxe4
29. Bxb6 $2 (29. a3 $19 $142) 29... Ne1 (29... Ne1 30. Rxe1 Rxe1+ 31. Kg2 Re2+
32. Bf2 Qxf3+ 33. Kxf3 33... Rxa2 $19) (29... Nxb4 $6 30. Bg1 $19) 0-1

[Event "Bad Woerishofen op"]
[Site "Bad Woerishofen"]
[Date "2001.??.??"]
[Round "5"]
[White "Baramidze, David"]
[Black "Hoennekes, Klaus"]
[Result "1-0"]
[WhiteElo "2265"]
[BlackElo "2087"]
[Annotator "ChessOrg"]
[PlyCount "67"]
[EventDate "1998.03.05"]
[Source "ChessBase"]
[SourceDate "1998.04.29"]

1. e4 {B15: Caro-Kann (Flohr-Variante)} 1... g6 2. d4 Bg7 3. f4 c6 4. Nc3 d5 5.
e5 h5 6. Be3 Nh6 7. Nf3 Bg4 8. Bf2 e6 9. Be2 Nf5 10. Qd2 10... Nd7 {
letzter Buchzug} 11. g3 a6 12. h3 Bxf3 13. Bxf3 Rc8 14. O-O-O (14. Ne2 14...
Nb6 $14) 14... Bf8 15. g4 Ng7 16. Kb1 b5 17. Ne2 Qc7 18. Bh4 Nb6 (18... c5 19.
dxc5 Nxc5 20. Ng3 $14) 19. Ng3 (19. Bf6 Nc4 20. Qd3 20... Rh6 $16) 19... Nc4
20. Qe2 c5 21. f5 cxd4 22. f6 Nf5 (22... Nxb2 $5 $142 23. fxg7 Bxg7 24. Kxb2
24... Bxe5 $14) 23. gxf5 $16 23... Nxb2 24. fxe6 (24. Kxb2 Qc3+ 25. Kb1 Ba3 26.
Qxb5+ axb5 27. fxg6 Qb2#) 24... fxe6 25. Bxd5 $4 (25. Rxd4 $142 25... Nc4 26.
Rd3 $16) 25... Nxd1 $17 26. Rxd1 exd5 27. e6 Bd6 (27... Ba3 28. Rd3 Bd6 29. f7+
Kf8 30. Bf6 $17) 28. Rf1 (28. Qd3 Qc3 29. Qxg6+ Kd8 30. f7+ 30... Kc7 $16)
28... Kf8 (28... Qc5 29. f7+ Kf8 30. Qd2 $17) 29. Re1 (29. Qd3 29... Qh7 $11)
29... Kg8 (29... Rh7 $5 $142 30. e7+ 30... Ke8 $17) 30. e7 Kh7 31. Nf5 Ba3 (
31... gxf5 $4 32. Qxh5+ Kg8 33. Qg6#) 32. Rg1 Rhg8 33. Rg5 33... Rg7 $4 (33...
Qxc2+ 34. Qxc2 Rxc2 35. Kxc2 Rc8+ 36. Kd3 36... gxf5 $18) 34. Rxh5+ $3 (34.
Rxh5+ gxh5 35. Qxh5+ Kg8 36. f7+ Rxf7 37. Qg6+ Kh8 38. Bf6+ Rxf6 39. Qg7#) 1-0

[Event "Bad Woerishofen op"]
[Site "Bad Woerishofen"]
[Date "2001.??.??"]
[Round "7"]
[White "Baramidze, David"]
[Black "Camilleri, Stephen"]
[Result "1-0"]
[WhiteElo "2265"]
[BlackElo "2084"]
[Annotator "ChessOrg"]
[PlyCount "139"]
[EventDate "1998.03.05"]
[Source "ChessBase"]
[SourceDate "1998.04.29"]

1. e4 {B42: Sizilianisch (Paulsen-Variante)} 1... c5 2. Nf3 e6 3. d4 cxd4 4.
Nxd4 a6 5. Bd3 Nf6 6. O-O Qc7 7. Be3 d5 8. exd5 {letzter Buchzug} 8... Nxd5 9.
Bd2 Be7 10. Nc3 Nf6 11. Qf3 Nc6 (11... Bd6 12. h3 $11) 12. Nxc6 Qxc6 13. Qxc6+
bxc6 14. Na4 Rb8 15. Rad1 O-O 16. b3 Bb7 17. c4 c5 18. Be3 Rbc8 19. Bc2 Rfe8
20. f3 Bc6 21. Nxc5 Bxf3 22. Rxf3 (22. gxf3 Bxc5) 22... Bxc5 23. Bxc5 Rxc5 24.
Kf1 Kf8 25. h3 h6 26. a3 a5 27. Rg3 Rb8 28. Ke2 a4 29. b4 Rxc4 30. Bxa4 Nd5 31.
Bb3 Rc3 32. Rf3 Rxf3 33. Kxf3 Nxb4 (33... Ra8 $5 34. Bxd5 34... exd5 $14) 34.
axb4 $16 34... Rxb4 35. Bc2 Ke7 36. Ra1 f5 37. Rb1 Rc4 38. Rb7+ Kf6 39. Bb3
Rc3+ 40. Kf2 Rc6 41. Ba4 Rc8 42. Rb6 Rc7 43. Bb3 Re7 44. Kf3 g5 45. g4 fxg4+
46. hxg4 Ke5 47. Ke3 Re8 48. Ra6 Re7 49. Bc4 Re8 50. Ba2 Re7 51. Ra5+ Kf6 52.
Kf3 Rc7 53. Ra6 Re7 54. Ke4 Re8 55. Bc4 Re7 56. Rc6 Re8 57. Rc7 Re7 (57... Rh8
58. Rd7 $18) 58. Rc8 Rh7 59. Re8 Re7 60. Rf8+ Rf7 61. Re8 $4 (61. Rxf7+ Kxf7
62. Ke5 62... Kg6 $18) 61... Re7 62. Rh8 Kg7 63. Ra8 Kf6 64. Ra3 Rf7 (64... Rc7
65. Rf3+ Ke7 66. Kd4 $18) 65. Rh3 Rh7 66. Rf3+ Ke7 67. Ke5 Rf7 68. Rh3 Rf4 69.
Bxe6 Rf1 (69... Rf6 70. Bd5 70... Rb6 $18) 70. Rxh6 (70. Rxh6 Re1+ 71. Kf5 $18)
1-0

[Event "Bad Woerishofen op"]
[Site "?"]
[Date "2001.??.??"]
[Round "1"]
[White "Bartels, Holger"]
[Black "Marotzke, Stefan"]
[Result "1/2-1/2"]
[WhiteElo "2176"]
[BlackElo "1761"]
[Annotator "ChessOrg"]
[PlyCount "33"]
[EventDate "2000.??.??"]

1. e4 {D26: Angenommenes Damengambit} 1... d5 2. exd5 Nf6 3. c4 c6 4. d4 cxd5
5. Nc3 Nc6 6. Bg5 dxc4 7. Bxc4 e6 8. Nf3 Be7 9. O-O O-O 10. Qd2 {
letzter Buchzug} 10... a6 11. Rfe1 b5 12. Bd3 Bb7 (12... Nxd4 $2 13. Nxd4 Bb7
14. Rad1 $18) 13. Rad1 Nb4 (13... Nxd4 $2 14. Nxd4 h6 15. Bxf6 Bxf6 16. Be4
Bxe4 17. Rxe4 $18) 14. Be2 Nbd5 15. Bxf6 Nxf6 16. Ne5 (16. a3 16... Rc8 $11)
16... Rc8 17. Bf3 (17. a3 17... Qd6 $15) 1/2-1/2

[Event "Bad Woerishofen op"]
[Site "Bad Woerishofen"]
[Date "2001.??.??"]
[Round "3"]
[White "Bartels, Holger"]
[Black "Carl, Werner"]
[Result "1-0"]
[WhiteElo "2176"]
[BlackElo "1896"]
[Annotator "ChessOrg"]
[PlyCount "75"]
[EventDate "1998.03.05"]
[Source "ChessBase"]
[SourceDate "1998.04.29"]

1. e4 {B06: Moderne Verteidigung} 1... g6 2. d4 Bg7 3. Nc3 d6 4. Nf3 a6 5. Bd3
{letzter Buchzug} 5... b5 6. O-O (6. a4 b4 7. Nd5 7... Nc6 $14) 6... Nd7 7. Bf4
c5 8. dxc5 Nxc5 9. e5 d5 (9... Bb7 $5 10. Re1 10... d5 $11) 10. Nxd5 $14 10...
Bb7 (10... Qxd5 $4 11. Bxb5+ Qd7 12. Bxd7+ Bxd7 13. Nd4 $18) 11. Ne3 e6 (11...
Rc8 12. Nd4 $14) 12. Qe2 Qb6 13. b3 (13. Rfd1 13... Rd8 $16) 13... Ne7 14. Rfd1
O-O 15. a4 Nxd3 (15... f6 16. axb5 Bxf3 17. gxf3 (17. Qxf3 $143 17... fxe5 18.
Nc4 18... Qb8 $17) 17... Nxd3 18. Rxd3 (18. cxd3 $6 18... Qxb5 19. exf6 19...
Rxf6 $11) 18... fxe5 19. Bxe5 Bxe5 20. Nc4 $16) 16. Rxd3 (16. cxd3 $143 16...
f6 17. exf6 17... Rxf6 $14) 16... Nd5 17. Nxd5 Bxd5 (17... exd5 18. c3 $16) 18.
Qe3 (18. Nd4 18... f5 $16) 18... Qb7 19. Bh6 Rac8 (19... Bxh6 20. Qxh6 bxa4 21.
bxa4 $16) 20. Bxg7 Kxg7 21. axb5 axb5 22. Ra7 Qc6 (22... Qb8 $5 23. Ne1 23...
Kh8 $16) 23. Nd4 $18 23... Qc5 24. Ra5 Rfd8 25. Rxb5 (25. c4 Qc7 26. Rxb5 Bc6
27. Nxc6 Qxc6 28. Rxd8 28... Rxd8 $18) 25... Qa3 26. h4 Qa1+ 27. Kh2 Qf1 28. f3
Ra8 29. Qe2 Qc1 30. Rd1 30... Qf4+ $2 (30... Qh6 31. Qe1 31... Rac8 $18) 31. g3
Qh6 32. Rb4 (32. c4 $18 $142) 32... Ra2 33. Ra4 Ra8 34. Rxa8 Bxa8 35. Qd2 35...
Qh5 $6 (35... Qxd2+ 36. Rxd2 36... Kf8 $18) 36. Qf4 Ra7 (36... Bd5 $18) 37.
Qf6+ Kg8 38. Nxe6 $1 (38. Nxe6 Qxh4+ 39. gxh4 fxe6 40. Rd8#) 1-0

[Event "Bad Woerishofen op"]
[Site "Bad Woerishofen"]
[Date "2001.??.??"]
[Round "5"]
[White "Bartels, Holger"]
[Black "Taschner, Peter"]
[Result "1/2-1/2"]
[WhiteElo "2176"]
[BlackElo "2011"]
[Annotator "ChessOrg"]
[PlyCount "65"]
[EventDate "1998.03.05"]
[Source "ChessBase"]
[SourceDate "1998.04.29"]

1. e4 {B01: Skandinavische Verteidigung} 1... d5 2. exd5 Qxd5 3. Nc3 Qa5 4. d4
c6 5. Nf3 Nf6 6. Ne5 Be6 7. Bc4 Bxc4 8. Nxc4 8... Qc7 {letzter Buchzug} 9. Qf3
Qd8 10. Bf4 (10. Be3 10... e6 $11) 10... e6 (10... Qxd4 $5 11. b3 11... Nbd7
$15) 11. Rd1 Be7 12. Be5 Nbd7 13. O-O Nf8 14. Ne4 Nxe4 15. Qxe4 f6 16. Bg3 Qd5
17. Qd3 O-O-O 18. Ne3 Qd7 (18... Qxa2 19. Ra1 Qxb2 20. Rfb1 Qxd4 21. Qxd4 Rxd4
22. Rxa7 $15) 19. c4 Bd6 20. Bxd6 Qxd6 21. c5 Qc7 22. Nc4 Ng6 23. Nd6+ Rxd6 (
23... Kb8 24. Rfe1 $11) 24. cxd6 $16 24... Qxd6 25. g3 Ne7 26. Rfe1 Nd5 27. Qe4
Nc7 28. Rd3 g6 29. Qh4 Qe7 30. Qe4 (30. Ra3 30... Kb8 $16) 30... Rd8 (30... Qd6
31. Rf3 $14) 31. Ra3 Kb8 32. Qe3 Rd5 33. Qf4 1/2-1/2